00937nam a2200253Ia 4500003000400000005001700004008004100021020001800062040001800080041000800098082002200106100002600128245009700154250001300251260007000264300003000334650003800364650002900402650003400431650003500465942002900500999001900529952013500548OSt20250821142930.0210716s2015 xx 000 0 und d a9789351109068 cAIMIT LIBRARY aeng a005.740285 bSIEE aSiegel, Erik.9236872 aExist :bNosql document database and application platform /cBy Erik Siegel and Adam Retter. a1st ed.  aNew Delhi :bShroff Publishers and Distributors Pvt Ltd ,c2015. axix,558 p.;bPBc24.5 cm. aWorking with the database9236873 aXquert for exist9236874 aBuilding applications9236875 aOther xml technologies9236876 2ddccBKk005.740285 SIEE c195216d195216 001040708MCAaAIMITbAIMITeKnowledge Worldg1100.00l0o005.740285 SIEEpMCA14725r2026-05-23 00:00:00v858.00w2021-07-16yBK